Größte Stadt beginnend mit I in Diesem Land - Statistiken

Allgemein
  • Dieses Quiz wurde 287 mal gespielt
  • Das Durchschnittsergebnis liegt bei 6 aus 15
Antwortstatistiken
Land I-Stadt % Korrekt
Deutschland Ingolstadt
90%
Österreich Innsbruck
79%
Turkei Istanbul
73%
Pakistan Islamabad
72%
Vereinigte Staaten Indianapolis
58%
Iran Isfahan
33%
Italien Imola
28%
Vereinigtes Königreich Ipswich
28%
Griechenland Iraklio
28%
Rumänien Iaşi
22%
Südkorea Incheon
17%
Nigeria Ibadan
16%
Kolumbien Ibague
4%
Russland Ischewsk
4%
Japan Ichikawa
1%
Keine übereinstimmenden Quizze gefunden
Verteilung der Resultate
Anzahl Personen mit jedem Resultat
Perzentil nach korrekt beantworteten Fragen
Ihre Resultats-Entwicklung
Sie haben dieses Quiz noch nicht gespielt